01205nam a2200313Ia 4500001001200000003000800012006001900020007001500039008004100054010001700095020003900112040002100151035002100172050002500193082001500218100003800233245008500271260004800356300002300404504005100427533015200478650002800630650002300658655002900681700002100710710001700731856012600748999001700874ebr10151444CaPaEBRm u cr cn|||||||||060324s2006 nyu sb 001 0 eng d z 2006010167 z0123693756 (hardback : alk. paper) aCaPaEBRcCaPaEBR a(OCoLC)64762671614aHV8073b.C515 2006eb04a363.252221 aChisum, W. Jerryq(William Jerry)10aCrime reconstructionh[electronic resource] /cW. Jerry Chisum, Brent E. Turvey. aNew York :bElsevier/Academic Press,c2006. axxvii, 587, [2] p. aIncludes bibliographical references and index. aElectronic reproduction.bPalo Alto, Calif. :cebrary,d2009.nAvailable via World Wide Web.nAccess may be limited to ebrary affiliated libraries. 0aCriminal investigation. 0aForensic sciences. 7aElectronic books.2local1 aTurvey, Brent E.2 aebrary, Inc.40uhttp://site.ebrary.com/lib/rucke/Doc?id=10151444zAn electronic book accessible through the World Wide Web; click to view c94640d94640